Вып. 36 : Математика, механика; История и методология естественных наук

Podrobná bibliografie
Parent link:История и методология естественных наук: сборник статей/ Московский государственный университет им. М. В. Ломоносова (МГУ). Вып. 36 : Математика, механика.— , 1960-1992
Další autoři: Рыбников К. А. (редактор)
Jazyk:ruština
Vydáno: 1989
Témata:
Médium: MixedMaterials Kniha
KOHA link:https://koha.lib.tpu.ru/cgi-bin/koha/opac-detail.pl?biblionumber=221140

MARC

LEADER 00000nam2a2200000 4500
001 221140
005 20231101230400.0
010 |a 5211003306 
035 |a (RuTPU)RU\TPU\book\241283 
035 |a RU\TPU\book\177476 
090 |a 221140 
100 |a 20120907d1989 k y0rusy5003 ca 
101 0 |a rus 
102 |a RU 
105 |a a z 001zy 
200 0 |a Вып. 36 : Математика, механика  |f под ред. К. А. Рыбникова 
210 |d 1989 
215 |d 25 см  |a 198 с.  |c ил. 
320 |a Библиография в конце статей 
461 1 |0 (RuTPU)RU\TPU\book\174595  |t История и методология естественных наук  |o сборник статей  |f Московский государственный университет им. М. В. Ломоносова (МГУ)  |v Вып. 36 : Математика, механика  |d 1960-1992 
606 1 |a Естествознание  |x История  |2 stltpush  |3 (RuTPU)RU\TPU\subj\38880  |9 59129 
606 1 |a Математические науки  |2 stltpush  |3 (RuTPU)RU\TPU\subj\67342  |9 83185 
610 1 |a математика 
610 1 |a методология 
610 1 |a механика 
610 1 |a теория относительности 
675 |a 50  |v 4 
675 |a 51(09)  |v 4 
702 1 |a Рыбников  |b К. А.  |4 340 
801 1 |a RU  |b 63413507  |c 20090819 
801 2 |a RU  |b 63413507  |c 20170126  |g RCR 
942 |c BK